01603nam a2200361 a 4500001001000000003000500010005001700015008004100032010001100073011001100084040000900095090001000104100004000114245017700154260004100331500006000372502009900432590004100531590004000572590004000612590004000652650003000692650004400722650003700766700005000803856007000853901000700923942001000930942000600940999001900946952014000965952013601105000110896CHAP20220329144150.0141020s2014 mx sm |||||||spa d a107358 a108330 cCHAP aTesis1 aHernández Toscano, Jesdel912865210aDiseño conceptual de un arado de vertederas de cinco cuerpos reversible hidráulicoh[En línea]cpor Jesdel Hernández Toscano y José Higinio Ramírez Hernández. aChapingo, Méx. :bEl autor,c2014. aPara ver el contenido del material haga clic en la liga aTesis (Ing. Mecánico Agrícola) -- UACH. Departamento de Ingeniería Mecánica Agrícola aE11695DGDb10c20141021lUCH01h0942 aE6096MTMb05c20141020lUCH01h1011 aE6096MTMb05c20141020lUCH01h1017 aE6096MTMb05c20141020lUCH01h101714aArado de vertederas9641514aMaquinaria agrícolaxDiseño.97116814aMaquinariaxHidráulica.9711461 aRamírez Hernández, José Higinio9128653 aFinding aiduhttp://10.13.5.2/tesis/sist110896.pdfzTeclea aquí aBK cTESIS n0 c107358d107358 00102local4053708TESISaBCbBCcPA_TESISd2014-10-20fTESISl0oTesisp33724002424842r2019-12-31 00:00:00tc.2w2019-12-31yTESIS 00104054718TESISaBCbBCd2014-10-20fTESISl0oTesisp33724002424884r2019-12-31 00:00:00w2019-12-31yTESISzRecien adquirido